New perspectives on HTML5, CSS3 and JavaScript/ (Record no. 364437)
[ view plain ]
| 000 -LEADER | |
|---|---|
| fixed length control field | 00371nam a2200121Ia 4500 |
| 008 - FIXED-LENGTH DATA ELEMENTS--GENERAL INFORMATION | |
| fixed length control field | 200922s9999 xx 000 0 und d |
| 100 ## - MAIN ENTRY--PERSONAL NAME | |
| Personal name | Carey, Patrick M. |
| 245 ## - TITLE STATEMENT | |
| Statement of responsibility, etc | Patrick M. Carey |
| Title | New perspectives on HTML5, CSS3 and JavaScript/ |
| 250 ## - EDITION STATEMENT | |
| Edition statement | 6th ed. |
| 260 ## - PUBLICATION, DISTRIBUTION, ETC. (IMPRINT) | |
| Place of publication, distribution, etc | Singapore: |
| Name of publisher, distributor, etc | CENGAGE |
| Date of publication, distribution, etc | 2019 |
| 300 ## - PHYSICAL DESCRIPTION | |
| Extent | xvi, 1144 pages |
| Dimensions | 25 cm. |
| 650 ## - SUBJECT ADDED ENTRY--TOPICAL TERM | |
| Topical term or geographic name as entry element | Cascading style sheets |
| Withdrawn status | Lost status | Damaged status | Home library | Current library | Shelving location | Date acquired | Source of acquisition | Total Checkouts | Full call number | Barcode | Date last seen | Price effective from | Koha item type |
|---|---|---|---|---|---|---|---|---|---|---|---|---|---|
| College Library | College Library | Reserve Section | 09/22/2020 | QA 76.76.H94 .C273 2019 | C22523 | 09/22/2020 | 09/22/2020 | Books |